[Event "TUR Cup"]
[Site "Adapazari"]
[Date "2022.03.28"]
[Round "5"]
[White "Ersoy, Emre"]
[Black "Ozcan, Kadir Kutay"]
[Result "0-1"]
[WhiteElo "1516"]
[BlackElo "1840"]
[PlyCount "45"]
[EventDate "2022.03.25"]
[EventType "swiss"]
[EventRounds "11"]
[EventCountry "TUR"]
[SourceTitle "EXT 2023"]
[Source "ChessBase"]
[SourceDate "2022.10.05"]
[SourceVersion "1"]
[SourceVersionDate "2022.10.05"]
[SourceQuality "1"]

1. e4 c5 2. Nf3 d6 3. d4 cxd4 4. Nxd4 Nf6 5. Nc3 g6 6. Be3 Bg7 7. Bc4 0-0 8. f3 Nc6 9. Qd2 Nd7 10. h4 Nce5 11. Bb3 Nb6 12. 0-0-0 Nec4 13. Qd3 Nxe3 14. Qxe3 a5 15. a4 Bd7 16. h5 Rc8 17. hxg6 hxg6 18. Qg5 Nc4 19. Nd5 Re8 20. Ne3 Nxe3 21. Qxe3 Qb6 22. Nf5 Qd8 23. c3 0-1

[Event "TUR Cup"]
[Site "Adapazari"]
[Date "2022.03.25"]
[Round "1"]
[White "Ersoy, Emre"]
[Black "Gunduz, Umut Erdem"]
[Result "0-1"]
[WhiteElo "1516"]
[BlackElo "2349"]
[PlyCount "74"]
[EventDate "2022.03.25"]
[EventType "swiss"]
[EventRounds "11"]
[EventCountry "TUR"]
[SourceTitle "EXT 2023"]
[Source "ChessBase"]
[SourceDate "2022.10.05"]
[SourceVersion "1"]
[SourceVersionDate "2022.10.05"]
[SourceQuality "1"]

1. e4 e5 2. Nf3 Nc6 3. Bb5 a6 4. Ba4 Nf6 5. 0-0 Be7 6. Re1 b5 7. Bb3 0-0 8. c3 d6 9. h3 Nb8 10. d4 Nbd7 11. Nbd2 Bb7 12. Bc2 Re8 13. Nf1 Bf8 14. Ng3 g6 15. Bd2 Bg7 16. Qc1 Qe7 17. Bh6 Qf8 18. Bxg7 Qxg7 19. a4 c6 20. b4 d5 21. dxe5 Nxe5 22. Qf4 Nxf3+ 23. Qxf3 Re5 24. exd5 Nxd5 25. Rxe5 Qxe5 26. Ne4 Re8 27. Nc5 Nxc3 28. Ra3 Ne2+ 29. Kh1 Qb2 30. Bd1 Nd4 31. Qc3 Qxf2 32. Nxb7 Re1+ 33. Kh2 Nf5 34. h4 Qg1+ 35. Kh3 Qh1+ 36. Kg4 Qxg2+ 37. Kf4 Re4# 0-1

[Event "TUR Cup"]
[Site "Antalya"]
[Date "2020.01.30"]
[Round "7"]
[White "Arslanargun, Zana"]
[Black "Ersoy, Emre"]
[Result "1-0"]
[WhiteElo "1755"]
[BlackElo "1499"]
[PlyCount "159"]
[EventDate "2020.01.26"]
[EventType "swiss"]
[EventRounds "11"]
[EventCountry "TUR"]
[SourceTitle "CBM 194 Extra"]
[Source "ChessBase"]
[SourceDate "2020.03.31"]
[SourceVersion "1"]
[SourceVersionDate "2020.03.31"]
[SourceQuality "1"]

1. d4 e6 2. c4 Nf6 3. Nc3 Bb4 4. Bg5 h6 5. Bxf6 Qxf6 6. Nf3 c5 7. e3 Nc6 8. Be2 0-0 9. 0-0 Bxc3 10. bxc3 d6 11. e4 e5 12. d5 Na5 13. Nd2 b6 14. Bd3 Ba6 15. Qg4 Qg6 16. Qe2 Qg5 17. g3 g6 18. f4 exf4 19. Rxf4 Qe5 20. Rc1 Rae8 21. Qf3 f5 22. exf5 Qe3+ 23. Qxe3 Rxe3 24. Bf1 gxf5 25. Kf2 Re5 26. Bd3 Rfe8 27. Nf3 Re3 28. Bxf5 Re2+ 29. Kg1 Rxa2 30. Be6+ Kh8 31. Nh4 Nxc4 32. Rcf1 Ne5 33. Rf8+ Rxf8 34. Rxf8+ Kg7 35. Rd8 Bd3 36. Rxd6 b5 37. Rd8 b4 38. cxb4 cxb4 39. d6 Ra1+ 40. Kf2 Kf6 41. Bd5 Bb5 42. Rf8+ Kg7 43. Rb8 a6 44. Nf5+ Kh7 45. Ke3 Rd1 46. Be4 Re1+ 47. Kd4 Nc6+ 48. Bxc6 Bxc6 49. Rxb4 Rd1+ 50. Ke5 Bb5 51. Nd4 Re1+ 52. Kd5 Be8 53. Rb7+ Kg6 54. d7 Bxd7 55. Rxd7 a5 56. Ra7 Rh1 57. Nf3 Rf1 58. Ke4 Ra1 59. Ra6+ Kg7 60. Kf5 Rf1 61. Ra7+ Kf8 62. Ke4 Ra1 63. Rh7 a4 64. Rxh6 a3 65. Ra6 a2 66. Kf4 Ke7 67. h4 Kd7 68. h5 Rh1 69. Rxa2 Rxh5 70. g4 Rb5 71. Re2 Kd6 72. g5 Rb7 73. g6 Rg7 74. Kf5 Rg8 75. Ng5 Kd7 76. Kf6 Rf8+ 77. Nf7 Ra8 78. Rd2+ Kc7 79. g7 Rb8 80. Nh6 1-0

[Event "TUR Cup"]
[Site "Antalya"]
[Date "2020.01.28"]
[Round "4"]
[White "Ersoy, Emre"]
[Black "Aydogdu, Cagatay"]
[Result "0-1"]
[WhiteElo "1499"]
[BlackElo "1803"]
[PlyCount "86"]
[EventDate "2020.01.26"]
[EventType "swiss"]
[EventRounds "11"]
[EventCountry "TUR"]
[SourceTitle "CBM 194 Extra"]
[Source "ChessBase"]
[SourceDate "2020.03.31"]
[SourceVersion "1"]
[SourceVersionDate "2020.03.31"]
[SourceQuality "1"]

1. e4 g6 2. d4 c6 3. Nf3 d5 4. e5 Bg4 5. Nc3 Bg7 6. Be3 e6 7. h3 Bxf3 8. Qxf3 Ne7 9. Bd3 a6 10. Ne2 Qa5+ 11. c3 c5 12. 0-0 Nbc6 13. a3 c4 14. Bc2 Qb6 15. Rfb1 Na5 16. Nc1 0-0 17. b4 cxb3 18. Nxb3 Nxb3 19. Rxb3 Qc7 20. Rab1 b5 21. Bg5 Nc6 22. a4 b4 23. h4 a5 24. Be3 Rac8 25. h5 bxc3 26. Rxc3 Nxe5 27. Rxc7 Nxf3+ 28. gxf3 Rxc7 29. Bd3 Rc3 30. Bb5 Rc2 31. hxg6 fxg6 32. Bd7 Kh8 33. Bxe6 Rc4 34. Bxd5 Rxa4 35. Bc6 Rb4 36. Rd1 Rfb8 37. Be4 a4 38. d5 a3 39. Bc5 Rxe4 40. fxe4 a2 41. Bd6 Rb1 42. Rxb1 axb1Q+ 43. Kg2 Qxe4+ 0-1

[Event "TUR Cup"]
[Site "Antalya"]
[Date "2020.01.27"]
[Round "3"]
[White "Erdal, Kerem"]
[Black "Ersoy, Emre"]
[Result "1/2-1/2"]
[WhiteElo "1691"]
[BlackElo "1499"]
[PlyCount "139"]
[EventDate "2020.01.26"]
[EventType "swiss"]
[EventRounds "11"]
[EventCountry "TUR"]
[SourceTitle "CBM 194 Extra"]
[Source "ChessBase"]
[SourceDate "2020.03.31"]
[SourceVersion "1"]
[SourceVersionDate "2020.03.31"]
[SourceQuality "1"]

1. e4 e6 2. d4 d5 3. exd5 exd5 4. Nf3 Bd6 5. c4 c6 6. Nc3 Ne7 7. cxd5 cxd5 8. Bd3 Nbc6 9. 0-0 h6 10. h3 0-0 11. Be3 a6 12. Qd2 Bc7 13. Bf4 Bb6 14. Bc2 Nf5 15. Ne2 Qf6 16. Be5 Nxe5 17. dxe5 Qc6 18. Bxf5 Bxf5 19. Ned4 Bxd4 20. Nxd4 Qd7 21. Nxf5 Qxf5 22. Qxd5 Rfd8 23. Qxb7 Qxe5 24. Rfe1 Qf6 25. Re2 Rab8 26. Qf3 Qxf3 27. gxf3 Rd3 28. Rc1 Rb6 29. Rc3 Rd1+ 30. Kh2 Rg6 31. f4 Rgg1 32. Rg3 Rh1+ 33. Kg2 Rdg1+ 34. Kf3 Rd1 35. Re8+ Kh7 36. Rf8 Rd7 37. Ra8 Rd6 38. Ra7 Rf6 39. Ke3 Re1+ 40. Kd2 Re4 41. Rf3 Rexf4 42. Rxf4 Rxf4 43. Ke3 Rf6 44. Rd7 Kg6 45. Rd5 Rb6 46. b3 Kf6 47. Kd4 Ke6 48. Re5+ Kd6 49. Re8 Rb4+ 50. Kd3 Rh4 51. Ra8 Rxh3+ 52. Ke2 g5 53. Rxa6+ Kc5 54. Rf6 g4 55. Rxf7 h5 56. Kf1 Rh1+ 57. Kg2 Ra1 58. Ra7 Kd4 59. b4 Kc4 60. a3 Ra2 61. Rc7+ Kb3 62. Re7 Rc2 63. b5 Kxa3 64. b6 Rb2 65. b7 h4 66. Re3+ Ka2 67. Re4 g3 68. Rxh4 gxf2 69. b8Q Rxb8 70. Kxf2 1/2-1/2

[Event "TUR Cup										"]
[Site "Antalya"]
[Date "2018.01.30"]
[Round "5"]
[White "Baykal, Muhammed"]
[Black "Ersoy, Emre"]
[Result "1-0"]
[WhiteElo "1805"]
[BlackElo "1591"]
[PlyCount "123"]
[EventDate "2018.01.27"]
[EventType "swiss"]
[EventRounds "11"]
[EventCountry "TUR"]
[SourceTitle "CBM 182 Extra"]
[Source "ChessBase"]
[SourceDate "2018.02.23"]
[SourceVersion "1"]
[SourceVersionDate "2018.02.23"]
[SourceQuality "1"]

1. d4 e6 2. c4 Nf6 3. g3 Bb4+ 4. Bd2 Qe7 5. Bg2 Nc6 6. Nf3 Bxd2+ 7. Nbxd2 d6 8. 0-0 a5 9. e4 e5 10. d5 Nb8 11. Ne1 0-0 12. Nd3 Na6 13. a3 Bg4 14. f3 Bh5 15. b4 axb4 16. axb4 Nd7 17. Qc2 c6 18. Bh3 Bg6 19. dxc6 bxc6 20. b5 cxb5 21. cxb5 Nac5 22. Nb4 Nb6 23. Nc4 Nxc4 24. Qxc4 Kh8 25. Qd5 Rxa1 26. Rxa1 f5 27. Ra8 fxe4 28. Rxf8+ Qxf8 29. b6 exf3 30. b7 Be4 31. Qxe4 Nxe4 32. Nc6 Nc5 33. b8Q Qxb8 34. Nxb8 d5 35. Nd7 Nd3 36. Nb6 d4 37. Bf5 Nc5 38. Nd7 Nxd7 39. Bxd7 g6 40. Bc6 Kg7 41. Kf2 Kf6 42. Kxf3 Kf5 43. Bd7+ Kf6 44. Ke4 h5 45. h3 Ke7 46. Bb5 h4 47. g4 Kd6 48. Bc4 Kc5 49. Bf7 g5 50. Kxe5 d3 51. Bb3 Kb4 52. Bd1 Kc3 53. Kf5 Kd2 54. Ba4 Ke1 55. Kxg5 Kf2 56. Kxh4 Kg2 57. g5 Kh2 58. g6 d2 59. g7 Kh1 60. g8Q d1Q 61. Bc6+ Kh2 62. Qg2# 1-0

[Event "Izmir op 15th"]
[Site "Izmir"]
[Date "2016.09.06"]
[Round "2"]
[White "Ersoy, Emre"]
[Black "Zor, Alber Kadir"]
[Result "0-1"]
[WhiteElo "1634"]
[BlackElo "2104"]
[PlyCount "64"]
[EventDate "2016.09.05"]
[EventType "swiss"]
[EventRounds "9"]
[EventCountry "TUR"]
[SourceTitle "CBM 174 Extra"]
[Source "ChessBase"]
[SourceDate "2016.10.10"]
[SourceVersion "1"]
[SourceVersionDate "2016.10.10"]
[SourceQuality "1"]

1. e4 e5 2. Nf3 Nc6 3. Bb5 a6 4. Ba4 Nf6 5. 0-0 Be7 6. Re1 b5 7. Bb3 d6 8. c3 0-0 9. h3 Nb8 10. d4 Nbd7 11. Nbd2 Bb7 12. Bc2 Re8 13. Nf1 Bf8 14. Ng3 g6 15. Nh2 Bg7 16. f3 exd4 17. cxd4 c5 18. Be3 Rc8 19. Qd2 Nf8 20. Rac1 cxd4 21. Bxd4 Ne6 22. Bc3 d5 23. Ng4 Nxg4 24. hxg4 d4 25. Ba5 Qh4 26. Nf1 Bh6 27. g3 Bxd2 28. gxh4 Bxc1 29. Rxc1 d3 30. Ne3 Nd4 31. Kf2 Ne2 32. Re1 dxc2 0-1

[Event "Manavgat Turkey Cup"]
[Site "Manavgat"]
[Date "2016.01.30"]
[Round "1"]
[White "Ersoy, Emre"]
[Black "Zekeriyaoglu, Ersen"]
[Result "1-0"]
[WhiteElo "1625"]
[BlackElo "2074"]
[PlyCount "80"]
[EventDate "2016.01.30"]
[EventType "swiss"]
[EventRounds "11"]
[EventCountry "TUR"]
[SourceTitle "CBM 170 Extra"]
[Source "ChessBase"]
[SourceDate "2016.02.25"]
[SourceVersion "1"]
[SourceVersionDate "2016.02.25"]
[SourceQuality "1"]

1. e4 d5 2. exd5 Nf6 3. Nc3 Nxd5 4. Nxd5 Qxd5 5. Nf3 e5 6. c4 Qa5 7. Be2 Nc6 8. b3 e4 9. Ng1 Bf5 10. Bb2 Bc5 11. a3 Qb6 12. b4 Bxf2+ 13. Kf1 Bxg1 14. Rxg1 Nd4 15. c5 Qf6 16. Ke1 Nf3+ 17. gxf3 Qxb2 18. fxe4 Bxe4 19. Rg3 0-0-0 20. Rc3 Rxd2 21. Qxd2 Qxa1+ 22. Kf2 Rd8 23. Qe3 Qh1 24. Qg3 Rd2 25. Ke3 Rc2 26. Rxc2 Bxc2 27. Qxg7 Qc1+ 28. Kf2 Qf4+ 29. Kg1 Bg6 30. Qf8+ Kd7 31. Qb8 Be4 32. Bb5+ Ke7 33. Qe8+ Kf6 34. Qd8+ Kg7 35. Qd4+ f6 36. Qd7+ Kh6 37. Qd8 Qf3 38. Qf8+ Kg6 39. Qg8+ Kh5 40. Qf7+ Kh4 1-0

[Event "Manavgat Turkey Cup"]
[Site "Manavgat"]
[Date "2015.02.05"]
[Round "9"]
[White "Ersoy, Emre"]
[Black "Toren, Hafzullah"]
[Result "1-0"]
[WhiteElo "1656"]
[BlackElo "1362"]
[PlyCount "55"]
[EventDate "2015.01.31"]
[EventType "swiss"]
[EventRounds "11"]
[EventCountry "TUR"]
[SourceTitle "CBM 164 Extra"]
[Source "ChessBase"]
[SourceDate "2015.03.02"]
[SourceVersion "1"]
[SourceVersionDate "2015.03.02"]
[SourceQuality "1"]

1. e4 e5 2. Nf3 Nc6 3. Bb5 Nge7 4. c3 d5 5. Nxe5 Bd7 6. Nxd7 Qxd7 7. exd5 Qxd5 8. Bxc6+ Nxc6 9. 0-0 0-0-0 10. d4 Kb8 11. Nd2 Bd6 12. Qf3 Qe6 13. Ne4 f5 14. Nxd6 Rxd6 15. Bf4 Rdd8 16. Rfe1 Qd5 17. Qxd5 Rxd5 18. Re6 Kc8 19. Rae1 Kd7 20. b4 g6 21. Kf1 Rg8 22. Bg3 Rf8 23. c4 Rxd4 24. b5 Nb4 25. Re7+ Kd8 26. Bxc7+ Kc8 27. Rc1 Nd3 28. Rc3 1-0

[Event "Manavgat Turkey Cup"]
[Site "Manavgat"]
[Date "2015.02.03"]
[Round "6"]
[White "Baltaci, Ismail Tarik"]
[Black "Ersoy, Emre"]
[Result "1-0"]
[WhiteElo "1804"]
[BlackElo "1656"]
[PlyCount "63"]
[EventDate "2015.01.31"]
[EventType "swiss"]
[EventRounds "11"]
[EventCountry "TUR"]
[SourceTitle "CBM 164 Extra"]
[Source "ChessBase"]
[SourceDate "2015.03.02"]
[SourceVersion "1"]
[SourceVersionDate "2015.03.02"]
[SourceQuality "1"]

1. e4 e6 2. d4 d5 3. Nd2 c5 4. exd5 exd5 5. dxc5 Bxc5 6. Nb3 Bd6 7. Bd3 Nc6 8. Nf3 Bg4 9. 0-0 Nge7 10. Re1 h6 11. h3 Bxf3 12. Qxf3 Ne5 13. Bb5+ Kf8 14. Qd1 g5 15. Bd2 Kg7 16. Bc3 f6 17. Nd4 Qb6 18. a4 a5 19. Ne6+ Kf7 20. Bd4 Bc5 21. Nxc5 h5 22. Nd7 Qd8 23. Bxe5 fxe5 24. Rxe5 g4 25. hxg4 hxg4 26. Qxg4 Ng6 27. Rf5+ Kg7 28. Qd4+ Kh6 29. Ne5 Nxe5 30. Qxe5 Rc8 31. Rf6+ Kh7 32. Bd3+ 1-0

[Event "Manavgat Turkey Cup"]
[Site "Manavgat"]
[Date "2015.02.01"]
[Round "3"]
[White "Ersoy, Emre"]
[Black "Kilic, Selin"]
[Result "1-0"]
[WhiteElo "1656"]
[BlackElo "1465"]
[PlyCount "39"]
[EventDate "2015.01.31"]
[EventType "swiss"]
[EventRounds "11"]
[EventCountry "TUR"]
[SourceTitle "CBM 164 Extra"]
[Source "ChessBase"]
[SourceDate "2015.03.02"]
[SourceVersion "1"]
[SourceVersionDate "2015.03.02"]
[SourceQuality "1"]

1. e4 c5 2. Nf3 e6 3. d4 cxd4 4. Nxd4 Nc6 5. Nc3 Nf6 6. Be3 Bb4 7. Bd3 Bxc3+ 8. bxc3 d5 9. Nxc6 bxc6 10. e5 Nd7 11. Qg4 g6 12. f4 f5 13. exf6 Qxf6 14. Bd4 e5 15. fxe5 Nxe5 16. Qe2 0-0 17. Bxe5 Qe7 18. Bd4 Qa3 19. Qe5 Rf7 20. Qh8# 1-0

[Event "Kemer Turkey Cup"]
[Site "Kemer"]
[Date "2014.02.05"]
[Round "6"]
[White "Cetkin, Ismail Can"]
[Black "Ersoy, Emre"]
[Result "0-1"]
[WhiteElo "1643"]
[BlackElo "1785"]
[PlyCount "28"]
[EventDate "2014.02.01"]
[EventType "swiss"]
[EventRounds "9"]
[EventCountry "TUR"]
[SourceTitle "CBM 158 Extra"]
[Source "ChessBase"]
[SourceDate "2014.02.28"]
[SourceVersion "1"]
[SourceVersionDate "2014.02.28"]
[SourceQuality "1"]

1. Nf3 e6 2. d4 Nf6 3. Bf4 c5 4. e3 Nh5 5. c3 Nxf4 6. exf4 d5 7. Bd3 Nc6 8. Nbd2 Qb6 9. Qb3 Qc7 10. Bb5 Qxf4 11. Ne5 Bd7 12. Qa4 Nxe5 13. dxe5 Qxa4 14. Bxa4 Bxa4 0-1

[Event "TUR-ch"]
[Site "Antalya"]
[Date "2013.02.03"]
[Round "3"]
[White "Buyukasik, Diyap"]
[Black "Ersoy, Emre"]
[Result "1-0"]
[WhiteElo "2070"]
[BlackElo "1793"]
[PlyCount "81"]
[EventDate "2013.02.02"]
[EventType "swiss"]
[EventRounds "11"]
[EventCountry "TUR"]
[SourceTitle "CBM 152 Extra"]
[Source "ChessBase"]
[SourceDate "2013.02.25"]
[SourceVersion "1"]
[SourceVersionDate "2013.02.25"]
[SourceQuality "1"]

1. d4 e6 2. Nf3 Nf6 3. g3 b6 4. Bg2 Bb7 5. 0-0 c5 6. c3 Be7 7. Nbd2 0-0 8. Nc4 d6 9. Bf4 Nh5 10. dxc5 d5 11. Bxb8 Rxb8 12. c6 Bxc6 13. Nce5 Bb5 14. Nd4 Qe8 15. Nxb5 Qxb5 16. a4 Qe8 17. e4 Nf6 18. exd5 exd5 19. Bxd5 Rd8 20. c4 Nxd5 21. cxd5 Bf6 22. Nc6 Rd7 23. Re1 Qa8 24. Qb3 Rc8 25. Rad1 h6 26. Qf3 Qb7 27. b4 Qa6 28. Qf5 Qb7 29. b5 Qc7 30. d6 Qb7 31. Ne7+ Bxe7 32. dxe7 Rxd1 33. Qxc8+ Qxc8 34. Rxd1 Kh7 35. Rd8 Qc1+ 36. Kg2 Qc2 37. e8Q Qxa4 38. Qg8+ Kg6 39. Rd6+ Kf5 40. Qxf7+ Kg4 41. Qg6# 1-0